=LDR 00000nam 2200000 4500 =001 INLIS000000000062778 =005 20240521020341 =035 ##$$a 0010-0923000035 =007 ta =008 230912###########################0#ind## =100 #$$a Diani Arfiati =245 1#$$a Ikan Nila : $b Oreochromis Niloticus /$c Diani Arfiati, Karina Farkha Dina, Putri Anugerah, dkk =300 ##$$a 140 halaman : $b ilustrasi ; $c 23 cm =020 ##$$a 978-602-462-756-0 =041 ##$$a ind =082 ##$$a 597.176 =084 ##$$a 597.176 Dia i =264 ##$$a Jawa Timur :$b UB Media,$c 2021 =336 ##$$a teks$2 rdacontent =337 ##$$a tanpa perantara$2 rdamedia =338 ##$$a volume$2 rdacarrier =650 #4$$a Ikan Air Tawar (ikan nila) =700 #$$a Karina Farkha Dina =700 #$$a Putri Anugerah =990 ##$$a 5202300973